Statistics for Orange Things

Click here to take the quiz!

General Stats

  • This quiz has been taken 13 times
  • The average score is 10 of 12

Answer Stats

Answer% Correct
Orange
100%
Peach
100%
Sun
100%
Basketball
92%
Lava
92%
Fox
92%
Apricot
83%
Fire
83%
Sunset
75%
Tulip
67%
Mandarin
50%
Pistol
42%

Score Distribution

Percentile by Number Answered

Percent of People with Each Score

Your Score History

You have not taken this quiz